[Event "GER-chT Betriebe 15th"]
[Site "Munich"]
[Date "2015.10.24"]
[Round "5.3"]
[White "Schmidt, Joern"]
[Black "Schmidt, Hans"]
[Result "1/2-1/2"]
[WhiteElo "1736"]
[BlackElo "2064"]
[PlyCount "124"]
[EventDate "2015.10.22"]
[EventType "team-swiss"]
[EventRounds "7"]
[EventCountry "GER"]
[SourceTitle "EXT 2020"]
[Source "ChessBase"]
[SourceDate "2019.10.17"]
[SourceVersion "1"]
[SourceVersionDate "2019.10.17"]
[SourceQuality "1"]
[WhiteTeam "Berlin Tempelhof"]
[BlackTeam "Muenchen Bayerische Landesb"]
[WhiteTeamCountry "GER"]
[BlackTeamCountry "GER"]

1. e4 c6 2. d4 d5 3. exd5 cxd5 4. Bd3 Nf6 5. Bf4 Bg4 6. f3 Bh5 7. c3 Nbd7 8. Qb3 Qb6 9. Nd2 e6 10. Ne2 Be7 11. Qxb6 Nxb6 12. Bb5+ Kd8 13. a4 a6 14. Bd3 Bg6 15. Bxg6 hxg6 16. a5 Nc8 17. Nb3 Bd6 18. Bxd6 Nxd6 19. Nc5 Nd7 20. b4 Kc7 21. Nc1 Rh5 22. N1d3 Rah8 23. h3 Nc4 24. Kf2 Nf6 25. Rhe1 Ne8 26. Ne5 Nxe5 27. Rxe5 Rxe5 28. dxe5 Kc6 29. Rd1 Rh4 30. Nb3 Rc4 31. Nd4+ Kd7 32. Rd3 Nc7 33. h4 Nb5 34. Nxb5 axb5 35. g3 Ke7 36. Ke2 Kf8 37. Kd2 Kg8 38. Rd4 Rc7 39. g4 Kh7 40. f4 Kh6 41. f5 gxf5 42. gxf5 Kh5 43. fxe6 fxe6 44. Rf4 Kg6 45. Kd3 Rc8 46. Rg4+ Kh6 47. Rf4 Rc7 48. Rf8 Kg6 49. Re8 Kf7 50. Rd8 Kg6 51. Re8 Kf5 52. h5 Kxe5 53. h6 gxh6 54. Rh8 Rg7 55. Rxh6 Kd6 56. Kd4 Rg3 57. Rf6 Rh3 58. Rg6 Rh4+ 59. Kd3 Rh7 60. Kd4 Rc7 61. Rh6 Rc4+ 62. Kd3 Re4 1/2-1/2

[Event "Niedersachsen-ch Seniors op 14th"]
[Site "Bad Bevensen"]
[Date "2011.07.08"]
[Round "4"]
[White "Kohn, Friedrich"]
[Black "Schmidt, Joern"]
[Result "1/2-1/2"]
[WhiteElo "1364"]
[BlackElo "1550"]
[PlyCount "45"]
[EventDate "2011.07.05"]
[EventType "swiss"]
[EventRounds "9"]
[EventCountry "GER"]
[SourceTitle "EXT 2012"]
[Source "ChessBase"]
[SourceDate "2011.11.24"]
[SourceVersion "1"]
[SourceVersionDate "2011.11.24"]
[SourceQuality "1"]

1. e4 d5 2. exd5 Qxd5 3. Nc3 Qa5 4. d4 Nf6 5. Qf3 c6 6. h3 Be6 7. a3 Bd5 8. Qe3 e6 9. Bd2 Qc7 10. Nge2 a6 11. Nf4 Be7 12. Nfxd5 cxd5 13. Bd3 Nc6 14. Ne2 b5 15. 0-0 0-0 16. f4 Bd6 17. c3 Na5 18. b4 Nc4 19. Bxc4 bxc4 20. Ng3 Rfe8 21. Qf3 Rab8 22. Rfe1 Re7 23. a4 1/2-1/2

[Event "Niedersachsen-ch Seniors op 14th"]
[Site "Bad Bevensen"]
[Date "2011.07.06"]
[Round "2"]
[White "Roth, Martin1111"]
[Black "Schmidt, Joern"]
[Result "1/2-1/2"]
[WhiteElo "1143"]
[BlackElo "1550"]
[PlyCount "70"]
[EventDate "2011.07.05"]
[EventType "swiss"]
[EventRounds "9"]
[EventCountry "GER"]
[SourceTitle "EXT 2012"]
[Source "ChessBase"]
[SourceDate "2011.11.24"]
[SourceVersion "1"]
[SourceVersionDate "2011.11.24"]
[SourceQuality "1"]

1. e4 d5 2. exd5 Qxd5 3. Nc3 Qa5 4. Nf3 Nf6 5. Be2 c6 6. a3 Bf5 7. d4 Nbd7 8. Bd2 Qc7 9. Qc1 e6 10. Bf4 Bd6 11. Bxd6 Qxd6 12. h3 h6 13. Qd2 0-0 14. 0-0-0 Nd5 15. Bc4 a6 16. Bb3 b5 17. a4 Nxc3 18. Qxc3 Be4 19. Rhe1 Bd5 20. Qe3 Rfc8 21. Rd2 a5 22. Kb1 bxa4 23. Bxd5 cxd5 24. c3 Nb6 25. Rc2 Nc4 26. Qe2 Qf4 27. Ne5 Nxe5 28. Qxe5 Qxe5 29. Rxe5 Rc6 30. h4 f6 31. Ree2 Kf7 32. f4 Re8 33. Re3 Rc7 34. h5 Rce7 35. Rce2 Rg8 1/2-1/2

[Event "Mecklenburg VP LL2 Ost 1011"]
[Site "Mecklenburg VP"]
[Date "2011.03.20"]
[Round "8.6"]
[White "Schmidt, Joern"]
[Black "Sack, Reinhard"]
[Result "1-0"]
[WhiteElo "1606"]
[BlackElo "1468"]
[PlyCount "149"]
[EventDate "2010.10.10"]
[EventType "team-tourn"]
[EventRounds "9"]
[EventCountry "GER"]
[SourceTitle "EXT 2022"]
[Source "ChessBase"]
[SourceDate "2021.10.06"]
[SourceVersion "1"]
[SourceVersionDate "2021.10.06"]
[SourceQuality "1"]
[WhiteTeam "Rostock SSC 07 III"]
[BlackTeam "Warnemuende SF Ostsee II"]
[WhiteTeamCountry "GER"]
[BlackTeamCountry "GER"]

1. d4 Nf6 2. c4 e6 3. a3 d5 4. Nc3 dxc4 5. e3 Nc6 6. Bxc4 Be7 7. Nf3 0-0 8. 0-0 a6 9. Re1 Nd5 10. Bxd5 exd5 11. Qb3 Na5 12. Qxd5 Qxd5 13. Nxd5 Bd6 14. Nd2 Be6 15. Nc3 c6 16. b4 Nc4 17. Nxc4 Bxc4 18. Ne4 Bc7 19. Bb2 f5 20. Rac1 Bd5 21. Nc5 b6 22. Nd3 Rf6 23. Nf4 Bxf4 24. exf4 Kf7 25. f3 b5 26. Re5 a5 27. Bc3 axb4 28. Bxb4 Ra7 29. Rce1 Kg6 30. Be7 Rf7 31. Bc5 h6 32. Bxa7 Rxa7 33. R5e3 Kf6 34. Kf2 Ra4 35. Rd1 Rc4 36. Rd2 Rc1 37. h4 Bc4 38. Kg3 Rh1 39. Rc3 Bd5 40. Rcd3 Re1 41. Rd1 Re7 42. Kf2 Kg6 43. Re1 Ra7 44. Rc3 Ra4 45. Ke3 Kh5 46. g3 Kg6 47. Rec1 Ra6 48. Kf2 Kf6 49. Re1 Ra4 50. Ke3 g6 51. Rec1 Ra6 52. g4 Ke6 53. Rg1 Ra8 54. h5 gxh5 55. gxh5 Kf7 56. Rg6 Rh8 57. Rgxc6 Re8+ 58. Kf2 Bxc6 59. Rxc6 Ra8 60. Rc3 Ra6 61. Rb3 Ke6 62. Rxb5 Rxa3 63. Re5+ Kf6 64. d5 Rd3 65. Ke2 Rd4 66. Ke3 Rd1 67. Re6+ Kf7 68. Rxh6 Rxd5 69. Rb6 Rd8 70. h6 Re8+ 71. Kd4 Rh8 72. Rb7+ Kg6 73. h7 Re8 74. Kd5 Re1 75. h8Q 1-0

[Event "Niedersachsen-ch Seniors op 13th"]
[Site "Bad Bevensen"]
[Date "2010.07.13"]
[Round "8"]
[White "Cassens, Erhard Otto"]
[Black "Schmidt, Joern"]
[Result "1/2-1/2"]
[WhiteElo "1762"]
[BlackElo "1606"]
[PlyCount "69"]
[EventDate "2010.07.06"]
[EventType "swiss"]
[EventRounds "9"]
[EventCountry "GER"]
[SourceTitle "EXT 2012"]
[Source "ChessBase"]
[SourceDate "2011.11.24"]
[SourceVersion "1"]
[SourceVersionDate "2011.11.24"]
[SourceQuality "1"]

1. d4 d5 2. Bf4 Nf6 3. e3 c6 4. Nd2 Bf5 5. Be2 e6 6. Ngf3 Bd6 7. Ne5 Qc7 8. Bg3 Nbd7 9. f4 Ne4 10. Bh4 Ndf6 11. Nxe4 Bxe4 12. 0-0 0-0-0 13. c4 dxc4 14. Nxc4 Be7 15. Bg3 Bf5 16. a4 h5 17. a5 Nd5 18. a6 b5 19. e4 bxc4 20. exd5 exd5 21. Bxh5 g6 22. Bg4 Qd7 23. Bxf5 Qxf5 24. Re1 Bd6 25. Qa4 Qd7 26. b3 g5 27. Rf1 Qc7 28. bxc4 gxf4 29. Bxf4 Bxf4 30. Rxf4 Qxf4 31. Qxc6+ Qc7 32. Qa8+ Qb8 33. Qc6+ Qc7 34. Qa8+ Qb8 35. Qc6+ 1/2-1/2

[Event "Bad Bevensen Seniors op 12th"]
[Site "Bad Bevensen"]
[Date "2009.07.11"]
[Round "5"]
[White "Kuehn, Peter1111"]
[Black "Schmidt, Joern"]
[Result "1-0"]
[WhiteElo "1803"]
[BlackElo "1571"]
[PlyCount "79"]
[EventDate "2009.07.07"]
[EventType "swiss"]
[EventRounds "9"]
[EventCountry "GER"]
[SourceTitle "EXT 2022"]
[Source "ChessBase"]
[SourceDate "2021.10.06"]
[SourceVersion "1"]
[SourceVersionDate "2021.10.06"]
[SourceQuality "1"]

1. e4 d5 2. exd5 Qxd5 3. Nc3 Qa5 4. d4 c6 5. Bc4 Nf6 6. Bd2 Qd8 7. Nf3 Bg4 8. Be3 e6 9. h3 Bxf3 10. Qxf3 Nbd7 11. 0-0-0 Nd5 12. Nxd5 cxd5 13. Bb3 Qc7 14. Rd3 Bb4 15. Bf4 Bd6 16. Bxd6 Qxd6 17. Rc3 0-0 18. Re1 a5 19. Ba4 Nb6 20. Bb5 a4 21. a3 Rfc8 22. Rxc8+ Rxc8 23. h4 Qc7 24. c3 Qe7 25. g3 Nc4 26. Bxc4 Rxc4 27. Kb1 Qd7 28. h5 h6 29. g4 f6 30. Qe3 Rc6 31. f4 Rb6 32. Ka1 Qb5 33. Qd2 Qd7 34. g5 Qf7 35. gxh6 Qxh5 36. hxg7 Kxg7 37. Qg2+ Qg6 38. Qh2 Kf7 39. Rg1 Qe4 40. f5 1-0

[Event "Niedersachsen-ch Seniors op 10th"]
[Site "Bad Bevensen"]
[Date "2007.07.04"]
[Round "2"]
[White "Graffenberger, Marianne"]
[Black "Schmidt, Joern"]
[Result "1/2-1/2"]
[WhiteElo "1271"]
[BlackElo "1547"]
[PlyCount "68"]
[EventDate "2007.07.03"]
[EventType "swiss"]
[EventRounds "9"]
[EventCountry "GER"]
[SourceTitle "EXT 2022"]
[Source "ChessBase"]
[SourceDate "2021.10.06"]
[SourceVersion "1"]
[SourceVersionDate "2021.10.06"]
[SourceQuality "1"]

1. e4 c6 2. d4 d5 3. e5 c5 4. c3 e6 5. Nf3 Nc6 6. Be2 Qc7 7. 0-0 Nge7 8. Bf4 Ng6 9. Bg3 Bd7 10. Nbd2 Qb6 11. Qb3 c4 12. Qxb6 axb6 13. b3 b5 14. b4 Be7 15. Bd1 h5 16. h3 h4 17. Bh2 b6 18. a4 bxa4 19. Bxa4 0-0 20. Bc2 Rfc8 21. Rfb1 Nf8 22. Bf4 Nd8 23. Bg5 Bxg5 24. Nxg5 Bc6 25. Ngf3 Rxa1 26. Rxa1 Ra8 27. Rxa8 Bxa8 28. Nxh4 Bc6 29. f4 g6 30. g4 Bd7 31. Nhf3 b5 32. h4 Nc6 33. Kh2 Ne7 34. Kg3 Kg7 1/2-1/2

[Event "Mecklenburg VP-ch Seniors op 06th"]
[Site "Plau am See"]
[Date "2006.10.08"]
[Round "5"]
[White "Karwen, Werner"]
[Black "Schmidt, Joern"]
[Result "1-0"]
[WhiteElo "1559"]
[BlackElo "1564"]
[PlyCount "41"]
[EventDate "2006.10.04"]
[EventType "swiss"]
[EventRounds "9"]
[EventCountry "GER"]
[SourceTitle "EXT 2022"]
[Source "ChessBase"]
[SourceDate "2021.10.06"]
[SourceVersion "1"]
[SourceVersionDate "2021.10.06"]
[SourceQuality "1"]

1. Nf3 e6 2. d4 d5 3. c4 Be7 4. Nc3 c6 5. Bf4 Nf6 6. c5 0-0 7. h3 Nbd7 8. e3 Re8 9. Bd3 b6 10. b4 bxc5 11. bxc5 Qa5 12. Qc2 Ba6 13. 0-0 Bxd3 14. Qxd3 Qa3 15. Rfb1 Rec8 16. Rb3 Qa5 17. Rab1 e5 18. Nxe5 Nxe5 19. Bxe5 Nd7 20. Bf4 Bxc5 21. Rb7 1-0

[Event "Mecklenburg VP-ch Seniors op 06th"]
[Site "Plau am See"]
[Date "2006.10.06"]
[Round "3"]
[White "Seyler, Erhard"]
[Black "Schmidt, Joern"]
[Result "1/2-1/2"]
[WhiteElo "1601"]
[BlackElo "1564"]
[PlyCount "37"]
[EventDate "2006.10.04"]
[EventType "swiss"]
[EventRounds "9"]
[EventCountry "GER"]
[SourceTitle "EXT 2022"]
[Source "ChessBase"]
[SourceDate "2021.10.06"]
[SourceVersion "1"]
[SourceVersionDate "2021.10.06"]
[SourceQuality "1"]

1. Nf3 e6 2. c4 d5 3. g3 Nf6 4. Bg2 c6 5. cxd5 exd5 6. d4 Bg4 7. 0-0 Nbd7 8. Nc3 Bd6 9. Qb3 Qb6 10. Qxb6 axb6 11. e4 dxe4 12. Ng5 0-0 13. Ncxe4 Bc7 14. Bd2 h6 15. Nxf6+ Nxf6 16. Ne4 Nxe4 17. Bxe4 Be6 18. a3 Rfd8 19. Bc3 1/2-1/2

[Event "Mecklenburg VP Seniors op 09th"]
[Site "Plau am See"]
[Date "2005.03.16"]
[Round "3"]
[White "Schmidt, Joern"]
[Black "Worm, Alfred"]
[Result "1/2-1/2"]
[WhiteElo "1597"]
[BlackElo "1661"]
[PlyCount "24"]
[EventDate "2005.03.14"]
[EventType "swiss"]
[EventRounds "7"]
[EventCountry "GER"]
[SourceTitle "EXT 2006"]
[Source "ChessBase"]
[SourceDate "2005.11.24"]
[SourceVersion "1"]
[SourceVersionDate "2005.11.24"]
[SourceQuality "1"]

1. d4 Nf6 2. c4 e5 3. dxe5 Ng4 4. Nf3 Nc6 5. Bf4 Bb4+ 6. Nbd2 Qe7 7. a3 Ngxe5 8. Nxe5 Nxe5 9. e3 Bxd2+ 10. Qxd2 d6 11. Be2 0-0 12. 0-0 Bd7 1/2-1/2

[Event "Mecklenburg VP LL2 West 0203"]
[Site "Mecklenburg VP"]
[Date "2003.02.09"]
[Round "6.2"]
[White "Grabow, Gerhard"]
[Black "Schmidt, Joern"]
[Result "1/2-1/2"]
[WhiteElo "1598"]
[BlackElo "1625"]
[PlyCount "59"]
[EventDate "2002.10.20"]
[EventType "team-tourn"]
[EventRounds "9"]
[EventCountry "GER"]
[SourceTitle "EXT 2022"]
[Source "ChessBase"]
[SourceDate "2021.10.06"]
[SourceVersion "1"]
[SourceVersionDate "2021.10.06"]
[SourceQuality "1"]
[WhiteTeam "Kuehlungsborn SV Empor"]
[BlackTeam "Rostock PSV II"]
[WhiteTeamCountry "GER"]
[BlackTeamCountry "GER"]

1. d4 d5 2. c4 dxc4 3. Nc3 g6 4. e4 Bg7 5. Nf3 Nf6 6. Bxc4 0-0 7. 0-0 Bg4 8. Be3 Nfd7 9. h3 Bxf3 10. Qxf3 Nb6 11. Bb3 Nc6 12. d5 Na5 13. Bc2 Nac4 14. Bc1 c6 15. dxc6 bxc6 16. Rd1 Qc7 17. Rb1 Rad8 18. Rxd8 Rxd8 19. Ne2 Nd2 20. Bxd2 Rxd2 21. Bb3 e6 22. Nc3 Bd4 23. Nd1 Qe5 24. g3 Qc5 25. Qf4 Qa5 26. Rc1 c5 27. Qf3 Bxb2 28. Nxb2 Rxb2 29. Qf6 Re2 30. Bxe6 1/2-1/2